000 00754cam a22002651 4500
999 _c9129
_d9129
001 9129
003 BD-JhCC
005 20180308193507.0
008 700820s1968 nyuach b 000 0 eng
010 _a 68011072
020 _a213178001
035 _a(BD-JhCC)9129
040 _aDLC
_cDLC
_dDLC
_dBD-JhCC
050 0 0 _aTL670
_b.V5
082 0 0 _a387.7/33/4
_bVIL 1968
100 1 _aVillard, Henry Serrano,
_d1900-
245 1 0 _aContact! :
_bThe story of the early birds /
_cHenry Serrano Villard,
260 _aNew York,
_bCrowell
_c1968.
300 _a263 p. :
_billus., facsims., ports.
_c27 cm.
350 _a10.00
504 _aBibliography: p. 251-254.
650 0 _aAirplanes
_xHistory.
650 0 _aAeronautics
_xHistory.
942 _2ddc
_cBK